Normal view
MARC view
- Brehm, John .J , Mullin, William .J
Entry Personal Name
001 - CONTROL NUMBER
- control field: 64088
003 - CONTROL NUMBER IDENTIFIER
- control field: NUST
005 - DATE AND TIME OF LATEST TRANSACTION
- control field: 20210628203224.0
008 - FIXED-LENGTH DATA ELEMENTS
- fixed length control field: 210628|| aca||aabn | a|a d
040 ## - CATALOGING SOURCE
- Original cataloging agency: NUST
- Transcribing agency: NUST
100 ## - HEADING--PERSONAL NAME
- Personal name: Brehm, John .J , Mullin, William .J
670 ## - SOURCE DATA FOUND
- Source citation: Work cat.: (NUST): Brehm, John .J , Mullin, William .J, Introduction to the structure of matter , a course in modern physics, 1989
